000 00277nam a22001337a 4500
008 171202b xxu||||| |||| 00| 0 eng d
020 _a9780812992946
041 _aeng
080 _a32
100 _a18
101 _aSHP
245 _aATHE FUTURE
_cGORE, A
942 _2udc
_cBK
999 _c38751
_d38751